[Event "Prva liga Centalne Srbije 2009"]
[Site "Vrnjacka Banja"]
[Date "2009.09.20"]
[Round "2.3"]
[White "Misic, Dragan"]
[Black "Djoric, Dusan"]
[Result "1/2-1/2"]
[WhiteElo "2300"]
[BlackElo "2302"]
[PlyCount "152"]
[EventDate "2009.09.19"]

1. d4 Nf6 2. Nf3 e6 3. c4 b6 4. Nc3 Bb4 5. Bg5 Bb7 6. e3 h6 7. Bxf6 Qxf6 8. Be2
c5 9. O-O Bxc3 10. bxc3 d6 11. Nd2 O-O 12. Bf3 Bxf3 13. Nxf3 Nc6 14. Qd3 Rac8
15. d5 Na5 16. e4 Rfe8 17. Nd2 exd5 18. exd5 Qe5 19. Rad1 Re7 20. h3 Rce8 21.
Nb3 Qe4 22. Qxe4 Rxe4 23. Nd2 Re2 24. g3 f5 25. Kg2 R8e3 26. a4 Kf7 27. Rde1
Kf6 28. Rxe2 Rxe2 29. Rd1 g5 30. Kf1 Re5 31. Re1 h5 32. f4 Rxe1+ 33. Kxe1 g4
34. h4 Ke7 35. Ke2 Nb7 36. Nf1 a6 37. Kd3 Kf6 38. Nd2 Ke7 39. Nf1 Kf7 40. Ne3
Kg6 41. Nf1 Na5 42. Nd2 Kf6 43. Ke3 Kg7 44. Kd3 Kf7 45. Ke3 Ke7 46. Kd3 Nb7 47.
Nf1 Nd8 48. Ne3 Kf6 49. Nf1 Nf7 50. Nd2 Ke7 51. Nf1 Nh6 52. Ne3 Kf7 53. Nf1 Ng8
54. Ne3 Kg6 55. Nf1 Nf6 56. Nd2 Kf7 57. Ke3 Ke7 58. Kd3 Kd7 59. Kc2 Kc7 60. Kd3
Kb7 61. Kc2 Kc7 62. Kd3 Kb8 63. Kc2 Kc7 64. Kd3 Kc8 65. Kc2 Kd8 66. Kd3 Kd7 67.
Kc2 Kd8 68. Kd3 Ke8 69. Kc2 Ke7 70. Kd3 Kd7 71. Kc2 Ke7 72. Kd3 Kf7 73. Kc2 Ke8
74. Kd3 Kd7 75. Kc2 Kc8 76. Kd3 Kc7 1/2-1/2

[Event "Prva liga Centalne Srbije 2009"]
[Site "Vrnjacka Banja"]
[Date "2009.09.20"]
[Round "2.4"]
[White "Spasov, Vasil"]
[Black "Savicevic, Vlatko"]
[Result "1-0"]
[WhiteElo "2592"]
[BlackElo "2331"]
[PlyCount "61"]
[EventDate "2009.09.19"]

1. e4 d6 2. d4 Nf6 3. Nc3 g6 4. Nf3 Bg7 5. Be2 O-O 6. O-O Bg4 7. Be3 Nc6 8. h3
Bxf3 9. Bxf3 e5 10. dxe5 Nxe5 11. Be2 Re8 12. f4 Ned7 13. Bf3 Nb6 14. Bd4 c6
15. a4 d5 16. e5 Nfd7 17. a5 Nc4 18. a6 b5 19. b3 Ncb6 20. Ne2 Qe7 21. Bf2 Rac8
22. Nd4 Nc5 23. Re1 Ne4 24. Bxe4 dxe4 25. Rxe4 f6 26. f5 fxe5 27. fxg6 hxg6 28.
Qg4 Nd5 29. Qxg6 Qf6 30. Qh5 Nf4 31. Qg4 1-0

[Event "Prva liga Centalne Srbije 2009"]
[Site "Vrnjacka Banja"]
[Date "2009.09.20"]
[Round "2.4"]
[White "Simic, Dragisa"]
[Black "Vojinovic, Goran"]
[Result "1/2-1/2"]
[WhiteElo "2348"]
[BlackElo "2458"]
[PlyCount "37"]
[EventDate "2009.09.19"]

1. e4 e6 2. d4 d5 3. exd5 exd5 4. Nf3 Nc6 5. Bb5 Bd6 6. Bg5 Nge7 7. O-O O-O 8.
Nbd2 f6 9. Bh4 Nf5 10. Bxc6 bxc6 11. Bg3 Nxg3 12. hxg3 c5 13. c4 Bb7 14. Rc1
Re8 15. cxd5 cxd4 16. Nxd4 Bxd5 17. Nc4 Bf8 18. Nf5 Bf7 19. Qf3 1/2-1/2

[Event "Prva liga Centalne Srbije 2009"]
[Site "Vrnjacka Banja"]
[Date "2009.09.20"]
[Round "2.4"]
[White "Raicevic, Vladimir"]
[Black "Adzic, Momcilo"]
[Result "1-0"]
[WhiteElo "2401"]
[BlackElo "2258"]
[PlyCount "53"]
[EventDate "2009.09.19"]

1. d4 d5 2. c4 c6 3. Nc3 Nf6 4. e3 e6 5. Nf3 Nbd7 6. a3 Bd6 7. Qc2 O-O 8. b4
dxc4 9. Bxc4 e5 10. O-O Qe7 11. h3 b5 12. Bd3 Bb7 13. Bb2 exd4 14. Nxd4 Be5 15.
Ne4 g6 16. Rac1 Rfc8 17. Nxf6+ Bxf6 18. Nb3 Bxb2 19. Qxb2 c5 20. Nxc5 Nxc5 21.
bxc5 Bc6 22. Rfd1 a6 23. Bf1 Rc7 24. Rd6 Rac8 25. Qd4 Be8 26. Rc3 Rd7 27. Be2
1-0

[Event "Prva liga Centalne Srbije 2009"]
[Site "Vrnjacka Banja"]
[Date "2009.09.20"]
[Round "2.4"]
[White "Nesic, Nebojsa"]
[Black "Jakovljevic, Marko"]
[Result "1-0"]
[WhiteElo "2127"]
[BlackElo "2002"]
[PlyCount "75"]
[EventDate "2009.09.19"]

1. d4 d5 2. c4 c6 3. Nc3 Nf6 4. Nf3 e6 5. Qc2 Nbd7 6. e4 dxe4 7. Nxe4 Nxe4 8.
Qxe4 Nf6 9. Qe3 Bb4+ 10. Bd2 Qa5 11. Bd3 O-O 12. O-O c5 13. dxc5 Qxc5 14. Bxb4
Qxb4 15. a3 Qe7 16. c5 Nd5 17. Qe4 Nf6 18. Qe5 Rd8 19. Qc3 Bd7 20. Ne5 Be8 21.
b4 Rac8 22. Rac1 Nd5 23. Qc2 h6 24. Bh7+ Kh8 25. Be4 Nf4 26. Rfd1 Qg5 27. Nc4
f5 28. Bxb7 Rb8 29. Rxd8 Rxd8 30. Rd1 Rb8 31. Bf3 Bh5 32. Qc3 Nxg2 33. Bxg2
Bxd1 34. Nd6 Rf8 35. c6 f4 36. h4 Qe7 37. c7 Qd7 38. c8=Q 1-0

[Event "Prva liga Centalne Srbije 2009"]
[Site "Vrnjacka Banja"]
[Date "2009.09.20"]
[Round "2.4"]
[White "Draskovic, Dragan"]
[Black "Stefanovic, Vladimir"]
[Result "1/2-1/2"]
[WhiteElo "2124"]
[BlackElo "2177"]
[PlyCount "34"]
[EventDate "2009.09.19"]

1. d4 Nf6 2. c4 c5 3. d5 g6 4. Nc3 d6 5. e4 Bg7 6. f3 O-O 7. Be3 e6 8. Qd2 exd5
9. cxd5 a6 10. Nge2 b5 11. Ng3 Re8 12. Be2 h5 13. O-O Nbd7 14. Rac1 Ne5 15. b3
Nh7 16. Nh1 f5 17. Nf2 fxe4 1/2-1/2

[Event "Prva liga Centalne Srbije 2009"]
[Site "Vrnjacka Banja"]
[Date "2009.09.20"]
[Round "2.5"]
[White "Janev, Evgeni"]
[Black "Petkov, Vladimir"]
[Result "1/2-1/2"]
[WhiteElo "2461"]
[BlackElo "2456"]
[PlyCount "30"]
[EventDate "2009.09.19"]

1. e4 e5 2. Nf3 Nc6 3. Bb5 Nf6 4. O-O Nxe4 5. Re1 Nd6 6. Nxe5 Be7 7. Bf1 Nxe5
8. Rxe5 O-O 9. d4 Bf6 10. Re1 Nf5 11. c3 d5 12. Bf4 Be7 13. Nd2 Bd6 14. Qf3 Nh4
15. Qg3 Nf5 1/2-1/2

[Event "Prva liga Centalne Srbije 2009"]
[Site "Vrnjacka Banja"]
[Date "2009.09.20"]
[Round "2.5"]
[White "Paunovic, Tomislav"]
[Black "Radovanovic, Dusan"]
[Result "1/2-1/2"]
[WhiteElo "2355"]
[BlackElo "2352"]
[PlyCount "43"]
[EventDate "2009.09.19"]

1. d4 Nf6 2. c4 c5 3. Nf3 cxd4 4. Nxd4 e5 5. Nb5 d5 6. cxd5 Bc5 7. e3 O-O 8.
N5c3 Re8 9. Be2 e4 10. a3 a6 11. b4 Bd6 12. Bb2 Nbd7 13. Nd2 Nb6 14. Qb3 h5 15.
h3 h4 16. O-O-O Bf5 17. Kb1 Qe7 18. Nf1 Rac8 19. Nh2 Bg6 20. Na4 Nbd7 21. Bd4
b5 22. Nc5 1/2-1/2

[Event "Prva liga Centalne Srbije 2009"]
[Site "Vrnjacka Banja"]
[Date "2009.09.20"]
[Round "2.5"]
[White "Zivkovic, Ivan B"]
[Black "Manic, Jovica"]
[Result "1-0"]
[WhiteElo "2341"]
[BlackElo "2257"]
[PlyCount "37"]
[EventDate "2009.09.19"]

1. e4 c6 2. d4 g6 3. Nc3 d5 4. h3 Bg7 5. Nf3 dxe4 6. Nxe4 Nf6 7. Nxf6+ Bxf6 8.
Bc4 O-O 9. O-O b6 10. Re1 Ba6 11. Bb3 Nd7 12. Bh6 Bg7 13. Qd2 Nf6 14. Rad1 Rc8
15. Qf4 Bb7 16. Qh4 Bxh6 17. Qxh6 Qd6 18. Ng5 e6 19. Nxe6 1-0

[Event "Prva liga Centalne Srbije 2009"]
[Site "Vrnjacka Banja"]
[Date "2009.09.20"]
[Round "2.5"]
[White "Nikolic, Boban"]
[Black "Dudukovic, Nikola"]
[Result "0-1"]
[WhiteElo "2236"]
[BlackElo "2210"]
[PlyCount "88"]
[EventDate "2009.09.19"]

1. Nf3 c5 2. b3 b6 3. Bb2 Bb7 4. e3 e6 5. Be2 Nf6 6. O-O Be7 7. c4 O-O 8. Nc3
d5 9. cxd5 Nxd5 10. Nxd5 Bxd5 11. d3 Nd7 12. Qc2 Rc8 13. Rac1 Bf6 14. Rfd1 Bb7
15. a3 Qe7 16. Qb1 Rfd8 17. Rc2 Bxb2 18. Qxb2 Qf6 19. b4 Qxb2 20. Rxb2 Kf8 21.
b5 a5 22. Nd2 Ne5 23. Rb3 c4 24. Nxc4 Nxc4 25. dxc4 Rxd1+ 26. Bxd1 Rxc4 27. f3
Ke7 28. Rd3 Rc5 29. a4 Rd5 30. Bc2 Rxd3 31. Bxd3 Bd5 32. Kf2 Bb3 33. Ke2 Bxa4
34. Kd2 Kd6 35. Kc3 Kc5 36. Bxh7 Bxb5 37. h4 Kd6 38. g4 Bc6 39. f4 Bf3 40. g5
g6 41. Kd4 Ke7 42. e4 Kf8 43. f5 exf5 44. exf5 Kg7 0-1

[Event "Prva liga Centalne Srbije 2009"]
[Site "Vrnjacka Banja"]
[Date "2009.09.20"]
[Round "2.5"]
[White "Kolarevic, Darko"]
[Black "Markovic, Dejan M"]
[Result "1/2-1/2"]
[WhiteElo "2179"]
[BlackElo "2403"]
[PlyCount "82"]
[EventDate "2009.09.19"]

1. d4 d5 2. c4 c6 3. Nf3 Nf6 4. Nc3 g6 5. cxd5 cxd5 6. Bf4 Qb6 7. Rc1 Bd7 8.
Be5 Bc6 9. Qc2 Nbd7 10. Bf4 Bg7 11. e3 O-O 12. Bd3 Rfe8 13. h3 Nh5 14. Bh2 e5
15. dxe5 d4 16. Nxd4 Bxg2 17. Rg1 Bxe5 18. Rxg2 Bxd4 19. Kf1 Be5 20. Qb3 Qxb3
21. axb3 Bxh2 22. Rxh2 Nc5 23. Bc4 Rad8 24. Nb5 Rd2 25. Bxf7+ Kxf7 26. Rxc5 a6
27. Ke1 Red8 28. Nd4 Rxb2 29. Rc7+ Kf6 30. Rxb7 Nf4 31. Rb6+ Kf7 32. Rxa6 Rc8
33. Ra1 Nd5 34. Rh1 Nb4 35. Rd1 Rc3 36. Kf1 Nc2 37. Nxc2 Rcxc2 38. Rh2 Rxb3 39.
Rd7+ Kg8 40. Rd4 Rxe3 41. Kg2 Ree2 1/2-1/2

[Event "Prva liga Centalne Srbije 2009"]
[Site "Vrnjacka Banja"]
[Date "2009.09.20"]
[Round "2.5"]
[White "Pejcic, Milutin"]
[Black "Pajic, Milomir"]
[Result "1/2-1/2"]
[WhiteElo "2162"]
[BlackElo "2198"]
[PlyCount "33"]
[EventDate "2009.09.19"]

1. Nf3 d5 2. b3 Nf6 3. Bb2 Bf5 4. e3 e6 5. Be2 Nbd7 6. O-O Be7 7. d4 O-O 8. c4
dxc4 9. Bxc4 c5 10. Nc3 Nb6 11. Be2 h6 12. dxc5 Bxc5 13. Qxd8 Rfxd8 14. Rfd1 a6
15. Rxd8+ Rxd8 16. Rd1 Rxd1+ 17. Nxd1 1/2-1/2

[Event "Prva liga Centalne Srbije 2009"]
[Site "Vrnjacka Banja"]
[Date "2009.09.20"]
[Round "2.6"]
[White "Marinkovic, Slavisa"]
[Black "Boskovic, Drasko"]
[Result "1/2-1/2"]
[WhiteElo "2397"]
[BlackElo "2436"]
[PlyCount "29"]
[EventDate "2009.09.19"]

1. e4 c5 2. Nf3 Nc6 3. d4 cxd4 4. Nxd4 g6 5. c4 Nf6 6. Nc3 Nxd4 7. Qxd4 d6 8.
Be2 Bg7 9. Be3 O-O 10. Qd2 a5 11. O-O a4 12. Rac1 Qa5 13. Rfd1 Be6 14. f3 Rfc8
15. Nb5 1/2-1/2

[Event "Prva liga Centalne Srbije 2009"]
[Site "Vrnjacka Banja"]
[Date "2009.09.20"]
[Round "2.6"]
[White "Pancevski, Filip"]
[Black "Certic, Branimir"]
[Result "0-1"]
[WhiteElo "2432"]
[BlackElo "2413"]
[PlyCount "82"]
[EventDate "2009.09.19"]

1. e4 d5 2. exd5 Qxd5 3. Nf3 Qa5 4. Be2 Bf5 5. b4 Qb6 6. Nc3 e6 7. O-O Nf6 8.
Rb1 Be7 9. d3 O-O 10. Nh4 Bg6 11. Nxg6 hxg6 12. Bf3 c6 13. Bf4 Nd5 14. Nxd5
cxd5 15. c4 Rd8 16. cxd5 exd5 17. b5 a6 18. Qc1 Qd4 19. Be3 Qf6 20. bxa6 Nxa6
21. Rxb7 Rac8 22. Qb2 Qxb2 23. Rxb2 d4 24. Bd2 Nc5 25. Be2 Na4 26. Rb7 Bf6 27.
Rc1 Rxc1+ 28. Bxc1 Rc8 29. Bf4 Rc2 30. Bf3 g5 31. Bxg5 Bxg5 32. h4 Bxh4 33. g3
Bf6 34. Bd5 Nc3 35. Bxf7+ Kh7 36. Ra7 Nd1 37. Ra5 g6 38. Ra7 Kh6 39. Ra6 Rxf2
40. Bb3 Bg5 41. Bxd1 Be3 0-1

[Event "Prva liga Centalne Srbije 2009"]
[Site "Vrnjacka Banja"]
[Date "2009.09.20"]
[Round "2.6"]
[White "Stamenkovic, Dragan"]
[Black "Stankovic, Milos"]
[Result "1/2-1/2"]
[WhiteElo "2391"]
[BlackElo "2357"]
[PlyCount "102"]
[EventDate "2009.09.19"]

1. d4 Nf6 2. Bg5 d5 3. Bxf6 exf6 4. e3 c6 5. Bd3 Be6 6. Nd2 Nd7 7. Ne2 f5 8. c4
Nf6 9. Nc3 g6 10. O-O Bd6 11. cxd5 cxd5 12. Qa4+ Kf8 13. f4 a6 14. Nf3 Kg7 15.
Rac1 Qb6 16. Qc2 Rac8 17. Qb1 Rhe8 18. h3 Qa5 19. Rc2 Rc7 20. Rfc1 Rec8 21. Ne2
Rxc2 22. Rxc2 Rxc2 23. Bxc2 Ne4 24. Bb3 Nd2 25. Nxd2 Qxd2 26. Kf2 h6 27. Qc2
Qa5 28. a3 g5 29. g3 Qb6 30. Qc3 f6 31. Ba2 Qb5 32. Qb3 Qc6 33. Bb1 b5 34. Bd3
Qc7 35. Qc3 Qb6 36. Qc2 b4 37. axb4 Bxb4 38. Bxf5 Bf7 39. Qc8 Bd6 40. Qd7 Bf8
41. b3 Bb4 42. h4 Bd2 43. h5 Qxb3 44. Qe7 Qd1 45. Bg6 Qe1+ 46. Kg2 Qxe2+ 47.
Kh1 Qe1+ 48. Kh2 Qf2+ 49. Kh1 Qf3+ 50. Kh2 Qe2+ 51. Kh1 Qd1+ 1/2-1/2

[Event "Prva liga Centalne Srbije 2009"]
[Site "Vrnjacka Banja"]
[Date "2009.09.20"]
[Round "2.6"]
[White "Milenkovic, Mladen"]
[Black "Jesic, Dusan"]
[Result "0-1"]
[WhiteElo "2341"]
[BlackElo "2395"]
[PlyCount "61"]
[EventDate "2009.09.19"]

1. e4 c5 2. Nf3 Nc6 3. d4 cxd4 4. Nxd4 Nf6 5. Nc3 Qb6 6. Nb3 e6 7. Be3 Qc7 8.
f4 d6 9. g4 a6 10. g5 Nd7 11. Qe2 b5 12. O-O-O Nb6 13. Kb1 Rb8 14. Bg2 b4 15.
Nd5 exd5 16. exd5 Ne7 17. Rhe1 Bd7 18. Bxb6 Rxb6 19. Nd4 Kd8 20. f5 Kc8 21. Qf3
Kb8 22. Rd3 h6 23. Rde3 Nc8 24. g6 fxg6 25. Ne6 Qc4 26. fxg6 Be7 27. b3 Qh4 28.
Re4 Qf6 29. Qg3 Bxe6 30. dxe6 Qc3 31. R1e3 0-1

[Event "Prva liga Centalne Srbije 2009"]
[Site "Vrnjacka Banja"]
[Date "2009.09.20"]
[Round "2.6"]
[White "Jovanovic, Zoran Z"]
[Black "Misailovic, Nebojsa"]
[Result "1-0"]
[WhiteElo "2354"]
[BlackElo "2291"]
[PlyCount "84"]
[EventDate "2009.09.19"]

1. c4 Nf6 2. g3 g6 3. Bg2 Bg7 4. Nc3 O-O 5. d4 d6 6. Nf3 Nbd7 7. O-O e5 8. h3
a5 9. b3 Re8 10. Be3 exd4 11. Nxd4 Nc5 12. Bg5 h6 13. Bxf6 Qxf6 14. e3 Ne6 15.
Nxe6 Bxe6 16. Rc1 Reb8 17. Qd3 Qg5 18. Kh2 Qc5 19. Rfd1 Qa3 20. Nb5 Qc5 21. Nc3
Bf5 22. Qd2 Qe5 23. Nd5 Rc8 24. e4 Bd7 25. f4 Qe8 26. e5 dxe5 27. fxe5 Bc6 28.
Nf6+ Bxf6 29. exf6 Kh7 30. Re1 Qd8 31. Qf4 Bxg2 32. Kxg2 Ra6 33. Re7 Kg8 34.
Rce1 g5 35. Qf5 Rd6 36. h4 Rd2+ 37. Kh3 Ra8 38. hxg5 Qc8 39. Qxc8+ Rxc8 40. g6
Rf8 41. g7 Rfd8 42. Re8+ Kh7 1-0

[Event "Prva liga Centalne Srbije 2009"]
[Site "Vrnjacka Banja"]
[Date "2009.09.20"]
[Round "2.6"]
[White "Marinkovic, Zoran"]
[Black "Kosanovic, Dragan"]
[Result "0-1"]
[WhiteElo "2259"]
[BlackElo "2314"]
[PlyCount "66"]
[EventDate "2009.09.19"]

1. Nf3 c5 2. e4 Nc6 3. Bb5 e6 4. Bxc6 bxc6 5. O-O Ne7 6. Re1 Ng6 7. b3 Be7 8.
Bb2 O-O 9. Nc3 e5 10. Ne2 d6 11. h3 f5 12. exf5 Bxf5 13. Ng3 Qd7 14. Nh2 Be6
15. d3 Rf7 16. Bc1 Raf8 17. Re2 Bh4 18. Bd2 h6 19. Ne4 Be7 20. Be3 Nh4 21. f3
Nf5 22. Bf2 Nd4 23. Re1 Bf5 24. c3 Ne6 25. Ng3 Nf4 26. Nxf5 Qxf5 27. d4 Qg6 28.
Ng4 h5 29. dxe5 hxg4 30. hxg4 dxe5 31. Rxe5 Nd3 32. Re2 Nxf2 33. Rxf2 Bh4 0-1

[Event "Prva liga Centalne Srbije 2009"]
[Site "Vrnjacka Banja"]
[Date "2009.09.20"]
[Round "3.1"]
[White "Boskovic, Drasko"]
[Black "Kojovic, Dragan"]
[Result "1-0"]
[WhiteElo "2436"]
[BlackElo "2389"]
[PlyCount "65"]
[EventDate "2009.09.19"]

1. e4 e5 2. Nf3 Nc6 3. Bc4 Bc5 4. c3 Nf6 5. d3 a6 6. Bb3 d6 7. h3 Ba7 8. O-O h6
9. Nbd2 O-O 10. Re1 Ne7 11. Nf1 Ng6 12. d4 Re8 13. Ng3 Be6 14. Bc2 c6 15. Bd3
Qc7 16. Be3 b5 17. a4 Bb6 18. Qc2 c5 19. d5 Bd7 20. axb5 Bxb5 21. Nd2 Nf4 22.
Bf1 g6 23. Nc4 Bxc4 24. Bxc4 Qc8 25. Qd2 Nxh3+ 26. gxh3 Qxh3 27. Bf1 Qh4 28.
Bg2 Ng4 29. Bf3 Qh2+ 30. Kf1 Qh3+ 31. Ke2 f5 32. Rh1 Nh2 33. Rxh2 1-0

[Event "Prva liga Centalne Srbije 2009"]
[Site "Vrnjacka Banja"]
[Date "2009.09.20"]
[Round "3.1"]
[White "Solomunovic, Igor"]
[Black "Pancevski, Filip"]
[Result "1-0"]
[WhiteElo "2422"]
[BlackElo "2432"]
[PlyCount "101"]
[EventDate "2009.09.19"]

1. e4 e5 2. Nf3 Nc6 3. Bb5 a6 4. Ba4 Nf6 5. O-O Be7 6. Re1 b5 7. Bb3 d6 8. c3
O-O 9. h3 Na5 10. Bc2 c5 11. d4 Qc7 12. Nbd2 Rd8 13. Nf1 cxd4 14. cxd4 exd4 15.
Ng3 Nc6 16. Bb3 d5 17. e5 Ne4 18. Nxe4 dxe4 19. Rxe4 Be6 20. Bxe6 fxe6 21. Bg5
Rd5 22. Rc1 Bxg5 23. Nxg5 Qd7 24. Nxh7 Rxe5 25. Rxe5 Nxe5 26. Ng5 Rc8 27. Rxc8+
Qxc8 28. f4 Ng6 29. Qxd4 Qc1+ 30. Kf2 Qxf4+ 31. Qxf4 Nxf4 32. Ke3 Nxg2+ 33. Ke4
e5 34. Kxe5 Ne3 35. Kd4 Nd1 36. b4 g6 37. Ne4 Kg7 38. Nc5 g5 39. Nxa6 Nf2 40.
a4 Nxh3 41. axb5 g4 42. Ke3 Ng5 43. Kf4 Ne6+ 44. Kxg4 Kf6 45. b6 Nd8 46. Nc5
Ke7 47. b7 Nc6 48. b5 Nb8 49. Na6 Kd7 50. Nxb8+ Kc7 51. Nc6 1-0

[Event "Prva liga Centalne Srbije 2009"]
[Site "Vrnjacka Banja"]
[Date "2009.09.20"]
[Round "3.1"]
[White "Stankovic, Milos"]
[Black "Rabrenovic, Vladan"]
[Result "0-1"]
[WhiteElo "2357"]
[BlackElo "2380"]
[PlyCount "88"]
[EventDate "2009.09.19"]

1. e4 d6 2. d4 Nf6 3. Nc3 e5 4. Nf3 Nbd7 5. g4 g6 6. g5 Nh5 7. Be3 Bg7 8. Qd2
c6 9. O-O-O Qe7 10. Be2 O-O 11. d5 c5 12. Nh4 Nf4 13. Bxf4 exf4 14. Qxf4 f6 15.
Nf3 fxg5 16. Qxg5 Qxg5+ 17. Nxg5 Bh6 18. h4 Rxf2 19. Rdf1 Rxf1+ 20. Rxf1 Bxg5+
21. hxg5 a6 22. Bg4 Ne5 23. Be2 Nd7 24. e5 Nxe5 25. Ne4 Nf7 26. Nf6+ Kh8 27.
Bd3 Nxg5 28. Ne8 Bf5 29. Nxd6 Bxd3 30. cxd3 Rd8 31. Nxb7 Rxd5 32. Rf6 Kg7 33.
Rxa6 h5 34. Ra4 Nf3 35. Rf4 Ne5 36. Kc2 Nxd3 37. Rc4 g5 38. a4 g4 39. a5 g3 40.
Ra4 Ne1+ 41. Kb3 g2 42. a6 g1=Q 43. a7 Rd3+ 44. Ka2 Nc2 0-1

[Event "Prva liga Centalne Srbije 2009"]
[Site "Vrnjacka Banja"]
[Date "2009.09.20"]
[Round "3.1"]
[White "Irizanin, Radoje"]
[Black "Milenkovic, Mladen"]
[Result "0-1"]
[WhiteElo "2303"]
[BlackElo "2341"]
[PlyCount "72"]
[EventDate "2009.09.19"]

1. e4 c5 2. Nc3 Nc6 3. f4 g6 4. Nf3 Bg7 5. Bb5 Nd4 6. Bd3 d6 7. Nxd4 cxd4 8.
Ne2 Nf6 9. c3 dxc3 10. dxc3 O-O 11. O-O Ng4 12. Qe1 e5 13. h3 Nf6 14. c4 Bd7
15. Nc3 exf4 16. Bxf4 Bc6 17. Qd2 Nh5 18. Be3 Qe7 19. Rae1 Rfe8 20. Bh6 Bd4+
21. Be3 Be5 22. Rf3 f5 23. Bg5 Bd4+ 24. Be3 Bxc3 25. Qxc3 fxe4 26. Bh6 Qd7 27.
Rf2 exd3 28. Rxe8+ Rxe8 29. Qxd3 Qe6 30. Qd4 Qe5 31. Qg4 Nf6 32. Qh4 Ne4 33.
Rf4 g5 34. Rg4 Bd7 35. Rxe4 Qxe4 36. Qxg5+ Qg6 0-1

[Event "Prva liga Centalne Srbije 2009"]
[Site "Vrnjacka Banja"]
[Date "2009.09.20"]
[Round "3.1"]
[White "Misailovic, Nebojsa"]
[Black "Mirkovic, Stevan"]
[Result "1-0"]
[WhiteElo "2291"]
[BlackElo "2245"]
[PlyCount "51"]
[EventDate "2009.09.19"]

1. e4 c6 2. d4 d5 3. exd5 cxd5 4. c3 Nc6 5. Bd3 Qc7 6. Ne2 Nf6 7. Bf4 e5 8.
dxe5 Nxe5 9. Bb5+ Bd7 10. Bxd7+ Kxd7 11. c4 Bb4+ 12. Nbc3 Bxc3+ 13. bxc3 Rhe8
14. O-O Qxc4 15. Rb1 b6 16. Rb4 Nf3+ 17. gxf3 Qxe2 18. Qa4+ Ke7 19. Qa3 Ke6 20.
c4 Kf5 21. cxd5 Nxd5 22. Qb3 Rad8 23. Bg3 Qd2 24. Rf4+ Nxf4 25. Qxf7+ Ke5 26.
Bxf4+ 1-0

[Event "Prva liga Centalne Srbije 2009"]
[Site "Vrnjacka Banja"]
[Date "2009.09.20"]
[Round "3.1"]
[White "Radivojevic, Miladin"]
[Black "Marinkovic, Zoran"]
[Result "0-1"]
[WhiteElo "2163"]
[BlackElo "2259"]
[PlyCount "94"]
[EventDate "2009.09.19"]

1. e4 c5 2. Nf3 Nc6 3. Nc3 g6 4. d4 cxd4 5. Nxd4 Bg7 6. Be3 Nf6 7. f3 O-O 8.
Bc4 Qb6 9. Qd2 Nxe4 10. Nxc6 Nxd2 11. Nxe7+ Kh8 12. Bxb6 Nxc4 13. Bf2 Nxb2 14.
Ncd5 b6 15. O-O Bb7 16. Rfe1 Rad8 17. a4 Nc4 18. Rab1 Bxd5 19. Nxd5 Rfe8 20.
Rb4 Na5 21. Rbe4 Re6 22. Nc7 Rxe4 23. Rxe4 d5 24. Re7 Nc6 25. Rxf7 Kg8 26.
Rxg7+ Kxg7 27. Ne6+ Kf6 28. Nxd8 Nxd8 29. a5 bxa5 30. Bxa7 Nc6 31. Bc5 d4 32.
Kf1 Ke5 33. Ke2 Kd5 34. Ba3 Kc4 35. Kd2 Na7 36. h4 Nb5 37. Bb2 a4 38. g4 a3 39.
Ba1 Nc3 40. f4 Ne4+ 41. Ke2 Kd5 42. Ke1 Nf6 43. g5 Nh5 44. Kd2 Nxf4 45. Kc1 Ng2
46. Kb1 Nxh4 47. Ka2 Kc4 0-1

[Event "Prva liga Centalne Srbije 2009"]
[Site "Vrnjacka Banja"]
[Date "2009.09.20"]
[Round "3.2"]
[White "Petkov, Vladimir"]
[Black "Marinkovic, Slavisa"]
[Result "1-0"]
[WhiteElo "2456"]
[BlackElo "2397"]
[PlyCount "71"]
[EventDate "2009.09.19"]

1. Nf3 Nf6 2. c4 c5 3. Nc3 g6 4. d4 cxd4 5. Nxd4 Bg7 6. e4 d6 7. Be2 O-O 8. O-O
Nc6 9. Be3 Nxd4 10. Bxd4 Be6 11. Qd2 Qa5 12. Rad1 Rfc8 13. b3 a6 14. f4 b5 15.
f5 Bd7 16. Bxf6 Bxf6 17. Nd5 Qxd2 18. Nxf6+ exf6 19. Rxd2 bxc4 20. Rxd6 Ra7 21.
Bxc4 Bb5 22. fxg6 hxg6 23. Rdxf6 Bxc4 24. bxc4 Rxc4 25. e5 Rc2 26. e6 fxe6 27.
Rxe6 Rxa2 28. Rxg6+ Rg7 29. Rff6 Rxg6 30. Rxg6+ Kf7 31. Rb6 a5 32. Ra6 a4 33.
h4 a3 34. Kh2 Ra1 35. Kg3 a2 36. Kg4 1-0

[Event "Prva liga Centalne Srbije 2009"]
[Site "Vrnjacka Banja"]
[Date "2009.09.20"]
[Round "3.2"]
[White "Certic, Branimir"]
[Black "Paunovic, Tomislav"]
[Result "1-0"]
[WhiteElo "2413"]
[BlackElo "2355"]
[PlyCount "147"]
[EventDate "2009.09.19"]

1. Nf3 Nf6 2. c3 g6 3. d4 Bg7 4. Nbd2 d5 5. g3 O-O 6. Bg2 c6 7. O-O Bf5 8. Nh4
Bg4 9. Re1 Qc8 10. Qb3 Na6 11. Nf1 Nc7 12. Bf4 Nh5 13. Bg5 Re8 14. e4 dxe4 15.
Bxe4 e5 16. dxe5 Rxe5 17. Bd2 Be6 18. Qc2 Bd5 19. Bd3 c5 20. Rxe5 Bxe5 21. Ne3
Bc6 22. Nc4 Bf6 23. Ng2 Qg4 24. Na5 Bxg2 25. Kxg2 Ne6 26. Qd1 Nef4+ 27. Bxf4
Nxf4+ 28. Kg1 Qxd1+ 29. Rxd1 Nxd3 30. Rxd3 b5 31. Rd6 Kg7 32. Nb7 Rc8 33. Rd7
b4 34. Nd6 Rf8 35. Ne4 Re8 36. Nxf6 Kxf6 37. cxb4 cxb4 38. Rxa7 Re2 39. b3 h5
40. h4 Rb2 41. Kg2 Ke6 42. Kf3 f6 43. Ra5 Rc2 44. Ke3 Rb2 45. f3 Rg2 46. Kf4
Rh2 47. Ra6+ Kf7 48. Ra7+ Ke6 49. Rg7 Rxa2 50. Rxg6 Rb2 51. Rh6 Rxb3 52. Rxh5
Rc3 53. g4 Rc4+ 54. Ke3 Rc3+ 55. Ke4 Rc4+ 56. Ke3 Rc3+ 57. Ke2 Rc2+ 58. Ke3
Rc3+ 59. Kf4 Rc4+ 60. Kg3 Kf7 61. Rb5 Kg6 62. Rb6 Kg7 63. g5 fxg5 64. hxg5 Rd4
65. f4 Re4 66. Kg4 Rc4 67. Rb8 Kg6 68. Rb7 Re4 69. Rb6+ Kg7 70. Kf5 Rc4 71.
Rb7+ Kg8 72. g6 Rc5+ 73. Kf6 Rc6+ 74. Kg5 1-0

[Event "Prva liga Centalne Srbije 2009"]
[Site "Vrnjacka Banja"]
[Date "2009.09.20"]
[Round "3.2"]
[White "Manic, Jovica"]
[Black "Stamenkovic, Dragan"]
[Result "1/2-1/2"]
[WhiteElo "2257"]
[BlackElo "2391"]
[PlyCount "66"]
[EventDate "2009.09.19"]

1. Nf3 Nf6 2. c4 e6 3. e3 d5 4. d4 Be7 5. Nc3 O-O 6. a3 dxc4 7. Bxc4 c5 8. Qc2
cxd4 9. Nxd4 a6 10. O-O b5 11. Ba2 Bb7 12. b4 Nbd7 13. Bb2 Rc8 14. Qe2 Qb6 15.
Nf3 Rc7 16. Rac1 Rfc8 17. Bb1 Qa7 18. Na2 Bd5 19. Rxc7 Rxc7 20. Rc1 Rxc1+ 21.
Nxc1 Qb7 22. Nd3 Bd6 23. Nde1 e5 24. Qc2 Be4 25. Qd1 Qd5 26. Qxd5 Bxd5 27. Nd2
Kf8 28. e4 Be6 29. Nd3 Ne8 30. Bc2 f6 31. Bb3 Nc7 32. f3 Ke7 33. Kf2 Nb6
1/2-1/2

[Event "Prva liga Centalne Srbije 2009"]
[Site "Vrnjacka Banja"]
[Date "2009.09.20"]
[Round "3.2"]
[White "Jesic, Dusan"]
[Black "Nikolic, Boban"]
[Result "1/2-1/2"]
[WhiteElo "2395"]
[BlackElo "2236"]
[PlyCount "41"]
[EventDate "2009.09.19"]

1. e4 d6 2. d4 Nf6 3. Nc3 g6 4. g3 Bg7 5. Bg2 O-O 6. Nge2 c6 7. a4 a5 8. O-O
Na6 9. h3 e5 10. Be3 Nb4 11. Kh2 Qe7 12. Qd2 d5 13. exd5 Nfxd5 14. Nxd5 Nxd5
15. Bg5 f6 16. Bh6 Qb4 17. dxe5 Bxh6 18. Qxh6 Qxb2 19. Bxd5+ cxd5 20. Nf4 Qxe5
21. Nxg6 1/2-1/2

[Event "Prva liga Centalne Srbije 2009"]
[Site "Vrnjacka Banja"]
[Date "2009.09.20"]
[Round "3.2"]
[White "Markovic, Dejan M"]
[Black "Jovanovic, Zoran Z"]
[Result "1/2-1/2"]
[WhiteElo "2403"]
[BlackElo "2354"]
[PlyCount "103"]
[EventDate "2009.09.19"]

1. d4 d5 2. Nf3 c5 3. c3 Nf6 4. Bf4 Qb6 5. Qb3 c4 6. Qxb6 axb6 7. Bxb8 Rxb8 8.
Nbd2 Bf5 9. Nh4 Bd7 10. g3 e6 11. Bg2 b5 12. a3 Bc6 13. f4 Ng4 14. Bf3 Ne3 15.
Rc1 g6 16. Ng2 Nf5 17. Kf2 Nd6 18. Ne3 Bg7 19. Nc2 Ne4+ 20. Nxe4 dxe4 21. Bg2
f5 22. Nb4 Bf8 23. e3 Bd6 24. h4 h6 25. Nc2 Ke7 26. Rcg1 Kf6 27. Ke1 Rbg8 28.
Bf1 g5 29. hxg5+ hxg5 30. Be2 Be8 31. Kf2 Bc6 32. Ke1 Ra8 33. Rxh8 Rxh8 34. Bf1
Rh2 35. Rg2 Rh1 36. Kf2 gxf4 37. gxf4 Be8 38. Rg1 Rh2+ 39. Rg2 Rh4 40. Be2 Bc6
41. Kg1 Rh8 42. Rh2 Rg8+ 43. Kf2 Be7 44. Rh6+ Rg6 45. Rxg6+ Kxg6 46. Kg3 Bd5
47. Nb4 Bd6 48. Kh3 Be7 49. Nc2 Kh6 50. Ne1 Bc6 51. Nc2 Bd5 52. Nb4 1/2-1/2